|
|
|
|
| LEADER |
00684nam a2200253 a 4500 |
| 001 |
adlib96000001 |
| 003 |
ViArRB |
| 005 |
20151026132341.0 |
| 008 |
960221s1955 dcuabcdjdbkoqu001 0deng d |
| 020 |
|
|
|a 9783540742265
|
| 022 |
|
|
|
| 040 |
|
|
|a Adlib
|
| 082 |
|
|
|a 519.24
|
| 245 |
|
|
|a Linear models and generalizations: least squares and alternatives
|
| 250 |
|
|
|a 3rd ed.
|
| 260 |
|
|
|a New York
|b Springer
|c 2008
|
| 300 |
|
|
|a xix, 570p
|
| 500 |
|
|
|a
|
| 100 |
|
|
|a Rao, C. Radhakrishna
|
| 700 |
|
|
|
| 942 |
|
|
|c BK
|6 _
|
| 653 |
|
|
|a Linear models
|
| 999 |
|
|
|c 46890
|d 46890
|
| 952 |
|
|
|0 0
|1 0
|4 0
|6 51924_RAO
|7 0
|9 59427
|a UL
|b UL
|d 2010-06-16
|o 519.24 RAO
|p 00060145
|r 2010-06-16
|w 2010-06-16
|y BK
|